000 01105nam a2200253 a 4500
999 _c447194
_d447194
003 BLK
005 20230727125747.0
008 220302b bul|||||r ||||||| ||bul||
040 _aBLK
041 _aBUL
_cBUL
080 _aКомунистически партии. Вж и 327.323
_b329.15
_x(497.215)(062)
_z329.15(497.215)(062)
139 _bО 95
245 1 0 _aОтчетен доклад
_bза дейността на Общинския комитет на БКП - Русе за неговата и на Общинската партийна организация дейност през периода от 1984 -1986 година
_h[Малотир. изд.]
260 _aРусе
_bОбК на БКП
_c1986
_9218403
300 _a65 с.
_c22 см
380 _a3
500 _aИзд. : Българска комунистическа партия; Общински комитет- Русе.
653 7 _9182091
_aБКП
653 7 _9195843
_aРусе
653 7 _9185374
_aдоклади
852 _bК
_cК 329/О 95
942 _cKNG
_n0
_s1
_01
944 _aCR
_c2022-03-04
_k30556
_lТеодора Пейчева-Дянкова